000 00971cam a2200277 i 4500
001 26025
003 BD-RjUL
005 20211209050948.0
008 140320s1977 ii b 001 0 eng
035 _a(BD-RjUL)26095
040 _aDLC
_cDLC
_dBD-RjUL
_beng
041 _aeng
082 0 0 _a954.0072054
_219
_bSAH 1977
100 1 _aSarkar, Jagadish Narayan,
_d1907-
_979954
245 1 0 _aHistory of history writing in medieval India :
_bcontemporary historians : an introduction to medieval Indian historiography /
_cJagadish Narayan Sarkar.
260 _aCalcutta :
_bRatna Prakashan,
_cc1977.
300 _axix, 195, p. ;
_c23 cm.
504 _aBibliography: p. [160]-187.
504 _aIncludes index.
650 0 _aMiddle Ages
_xHistoriography.
_966007
651 0 _aIndia
_xHistory
_y1000-1765
_xHistoriography.
_979955
651 0 _aIndia
_xHistory
_y324 B.C.-1000 A.D.
_xHistoriography.
_979956
942 _2ddc
_cBK
999 _c26025
_d26025